Statistics for Men's tennis: Most weeks at No1

Click here to take the quiz!

General Stats

  • This quiz has been taken 982 times
    (372 since last reset)
  • The average score is 10 of 12

Answer Stats

WeeksPlayer% Correct
310Roger Federer
99%
209Rafael Nadal
98%
297Novak Djokovic
97%
286Pete Sampras
92%
101Andre Agassi
85%
109Bjorn Borg
85%
170John McEnroe
83%
270Ivan Lendl
81%
268Jimmy Connors
78%
72Stefan Edberg
67%
58Jim Courier
55%
80Lleyton Hewitt
53%

Score Distribution

Percentile by Number Answered

Percent of People with Each Score

Your Score History

You have not taken this quiz since the last reset